Online
Catalog

Análisis de una insatisfacción : (Record no. 41760)

MARC details
000 -CABECERA
campo de control de longitud fija 00743nam a2200205 a 4500
001 - NÚMERO DE CONTROL
campo de control 000042271
005 - FECHA Y HORA DE LA ÚLTIMA TRANSACCIÓN
campo de control 20201002040038.0
008 - DATOS DE LONGITUD FIJA--INFORMACIÓN GENERAL
campo de control de longitud fija 131121s1975 sp 000 0 spa d
020 ## - NÚMERO INTERNACIONAL ESTÁNDAR DEL LIBRO
Número Internacional Estándar del Libro 8470392239
040 ## - FUENTE DE LA CATALOGACIÓN
Centro catalogador/agencia de origen DO-SdBNP
Lengua de catalogación spa
Centro/agencia transcriptor BNPHU
082 ## - NÚMERO DE LA CLASIFICACIÓN DECIMAL DEWEY
Número de clasificación xxx
Número de documento/Ítem F363M
100 1# - ENTRADA PRINCIPAL--NOMBRE DE PERSONA
Nombre de persona Mainer, José-Carlos
9 (RLIN) 13715
245 10 - MENCIÓN DE TÍTULO
Título Análisis de una insatisfacción :
Resto del título las novelas de W. Fernández Flórez /
Mención de responsabilidad, etc. José-Carlos Mainer.
260 ## - PUBLICACIÓN, DISTRIBUCIÓN, ETC.
Lugar de publicación, distribución, etc. Madrid :
Nombre del editor, distribuidor, etc. Castalia,
Fecha de publicación, distribución, etc. 1975.
300 ## - DESCRIPCIÓN FÍSICA
Extensión 374 p. ;
Dimensiones 19 cm.
490 1# - MENCIÓN DE SERIE
Mención de serie Literatura y sociedad
Designación de volumen o secuencia 10
500 ## - NOTA GENERAL
Nota general Incluye datos biográficos del autor en la solapa de la contracubierta
500 ## - NOTA GENERAL
Nota general Incluye referncias bibliográficas y notas al pie de las páginas
830 #0 - PUNTO DE ACCESO ADICIONAL DE SERIE-TÍTULO UNIFORME
Título uniforme Literatura y sociedad
Número de parte o sección de la obra 10
9 (RLIN) 69307
Holdings
Estado de retiro Estado de pérdida Restricciones de uso No para préstamo Código de colección Localización permanente Ubicación/localización actual Ubicación en estantería Fecha de adquisición Número de inventario Total de préstamos Signatura topográfica completa Código de barras Fecha visto por última vez Precio válido a partir de Tipo de ítem Koha
      Excluido de préstamo Monografías: Libros y Folletos General General En catalogación 21.11.2013 LF1   xxx F363M 42271-10 25.06.2020 25.06.2020 No se presta

Powered by Koha